000 01535cam a2200409 i 4500
001 10519153
003 ARRUPE
005 20140206161948.0
008 130207s2013 enk b 001 0 eng d
020 _a9780745660547 (hardback)
020 _a0745660541 (hardback)
020 _a9780745660554 (pbk.)
020 _a074566055X (pbk.)
024 _a40022808867
035 _a(OCoLC)829055762
035 _a(OCoLC)ocn829055762
035 _a(NNC)10519153
040 _aUKMGB
_beng
_erda
_cUKMGB
_dOCLCO
_dYDXCP
_dNhCcYBP
050 4 _aB2430.R553
_bE8713 2013
082 0 4 _a180
_223
100 1 _aRicœur, Paul,
_eauthor.
_98277
240 1 0 _aÊtre, essence et substance chez Platon et Aristote.
_lEnglish
245 1 0 _aBeing, essence and substance in Plato and Aristotle :
_bcourse taught at the University of Strasbourg in 1953-1954 /
_cPaul Ricoeur ; text verified and annotated by Jean Louis Schlegel ; translated by David Pellauer and John Starkey.
300 _axi, 266 pages ;
_c23 cm
500 _aOriginally published in 2011 as Être, essence et substance chez Platon et Aristote.
504 _aIncludes bibliographical references and indexes.
600 0 0 _aPlato.
_98278
600 0 0 _aAristotle.
_98279
650 0 _aMetaphysics.
_98280
700 1 _aSchlegel, Jean-Louis,
_eeditor.
_98281
700 1 _aPellauer, David,
_etranslator.
_98282
700 1 _aStarkey, John C. M.,
_etranslator.
_98283
942 _2lcc
_cMONOGRAPH
948 1 _a20131025
_bc
_cybp21
_dMPS
949 _i0073245720
999 _c119985
_d119985